| 000 | 00363nam a22001457a 4500 | ||
|---|---|---|---|
| 008 | 210225b ||||| |||| 00| 0 eng d | ||
| 020 | _a9780030329319 | ||
| 041 | _aeng | ||
| 080 |
_210th _a334.7 |
||
| 082 | _a334.7 | ||
| 100 | _a55 | ||
| 101 | _aMF | ||
| 245 |
_aStudy Guide to Accompany Financial Managment Theory and Practice _cBrigham, E |
||
| 942 |
_2udc _cBK |
||
| 999 |
_c55246 _d55246 |
||